00763nam a22002057a 4500999001900000005001700019010001500036020002700051035001400078037001300092082001000105100001800115245008300133260003400216270007500250300002400325500005000349942002400399952013400423 c166361d16636120190722142536.0 aENG-126037 a9788192799919c1450.00 aEN-109569 bDBAD/PUB a599.9 aReddy, V.Rami aCurrent trends in human genetics and physical anthropology /cby V. Rami Reddy aAndra PradeshbV.Indirac2018 a8-30, (Opp) Vidyanagar , SVUNT ColonybTirupati, Andra Pradeshe517502 axii,307pc26cm(pbk) aIncludes bibliographical references and index 2ddccENh599.9mRED 001040708NFICaBNbBNd2019-07-22eDBAD/PUBg1450.00l1o599.9 REDpEN-109569r2022-10-22 00:00:00s2022-10-06t1v1450.00yEN